Ориентация на потребителя, как ключевой фактор развития любой организации; Неразрушающий контроль: электронное приборостроение, технологии, безопасность; Т. 1

Dettagli Bibliografici
Parent link:Неразрушающий контроль: электронное приборостроение, технологии, безопасность: сборник трудов IV Всероссийской научно-практической конференции студентов, аспирантов и молодых учёных, Томск, 26-30 мая 2014 г./ Национальный исследовательский Томский политехнический университет (ТПУ).— , 2014
Т. 1.— 2014.— [С. 110-111]
Autore principale: Кротова А. В.
Enti autori: Национальный исследовательский Томский политехнический университет (ТПУ) Институт неразрушающего контроля (ИНК) Кафедра физических методов и приборов контроля качества (ФМПК), Национальный исследовательский Томский политехнический университет (ТПУ) Институт кибернетики (ИК) Кафедра автоматизации и роботизации в машиностроении (АРМ)
Altri autori: Мойзес Б. Б. Борис Борисович (научный руководитель)
Riassunto:Заглавие с титульного листа.
Lingua:russo
Pubblicazione: 2014
Serie:Современные системы и технологии в неразрушающем контроле
Soggetti:
Accesso online:http://www.lib.tpu.ru/fulltext/c/2014/C36/V1/038.pdf
Natura: Elettronico Capitolo di libro
KOHA link:https://koha.lib.tpu.ru/cgi-bin/koha/opac-detail.pl?biblionumber=608983

MARC

LEADER 00000naa2a2200000 4500
001 608983
005 20231101132532.0
035 |a (RuTPU)RU\TPU\conf\6429 
035 |a RU\TPU\prd\201523 
090 |a 608983 
100 |a 20141021d2014 k y0rusy50 ca 
101 0 |a rus 
102 |a RU 
105 |a y z 111zy 
135 |a drcn ---uucaa 
181 0 |a i  
182 0 |a b 
200 1 |a Ориентация на потребителя, как ключевой фактор развития любой организации  |f А. В. Кротова  |g науч. рук. Б. Б. Мойзес 
203 |a Текст  |c электронный 
215 |a 1 файл (411 Кб) 
225 1 |a Современные системы и технологии в неразрушающем контроле 
230 |a Электронные текстовые данные (1 файл : 411 Кб) 
300 |a Заглавие с титульного листа. 
320 |a [Библиогр.: с. 111 (5 назв.)] 
337 |a Adobe Reader 
461 1 |0 (RuTPU)RU\TPU\conf\6241  |t Неразрушающий контроль: электронное приборостроение, технологии, безопасность  |o сборник трудов IV Всероссийской научно-практической конференции студентов, аспирантов и молодых учёных, Томск, 26-30 мая 2014 г.  |o в 2 т.  |f Национальный исследовательский Томский политехнический университет (ТПУ)  |d 2014 
463 1 |0 (RuTPU)RU\TPU\conf\6243  |t Т. 1  |v [С. 110-111]  |d 2014 
610 1 |a труды учёных ТПУ 
610 1 |a электронный ресурс 
610 1 |a потребители 
610 1 |a организации 
610 1 |a рынок 
610 1 |a конкуренция 
610 1 |a менеджмент качества 
700 1 |a Кротова  |b А. В. 
702 1 |a Мойзес  |b Б. Б.  |c специалист в области машиностроения  |c доцент Томского политехнического университета, кандидат технических наук  |f 1975-  |g Борис Борисович  |2 stltpush  |4 727 
712 0 2 |a Национальный исследовательский Томский политехнический университет (ТПУ)  |b Институт неразрушающего контроля (ИНК)  |b Кафедра физических методов и приборов контроля качества (ФМПК)  |h 68  |2 stltpush  |3 (RuTPU)RU\TPU\col\18709 
712 0 2 |a Национальный исследовательский Томский политехнический университет (ТПУ)  |b Институт кибернетики (ИК)  |b Кафедра автоматизации и роботизации в машиностроении (АРМ)  |h 78  |2 stltpush  |3 (RuTPU)RU\TPU\col\18704 
801 1 |a RU  |b 63413507  |c 20090623  |g PSBO 
801 2 |a RU  |b 63413507  |c 20141021  |g PSBO 
856 4 |u http://www.lib.tpu.ru/fulltext/c/2014/C36/V1/038.pdf 
942 |c BK